000 00640nam a22001817a 4500
005 20251108165418.0
008 250721s1958 xx 000 0 ara d
082 1 4 _aم/213.4/إبر
100 1 _aالبخارى، أبو عبد الله محمد بن إسماعيل بن إبراهيم
245 1 0 _aصحيح البخاري /
264 1 _aالقاهرة :
_bمطابع الشعب،
_c1958.
300 _a18ج
490 0 _aسلسلة كتاب الشعب 39؛42؛45؛48؛51؛54؛57؛60؛63؛66؛96؛72؛74؛77؛80؛83؛86 ؛89
650 1 7 _aالإسلام
650 1 7 _aالحيث الشريف
942 _2ddc
_cREF
999 _c27308
_d27308